| 000 | 00625nam a2200181 i 4500 | ||
|---|---|---|---|
| 001 | 100129 | ||
| 003 | ES-MaACL | ||
| 005 | 20250915063045.0 | ||
| 007 | t| | ||
| 008 | 050922s1969 sp ||||1| spa d | ||
| 100 | 1 |
_aMartínez Val, José María, _d1916- _978455 |
|
| 245 | 1 | 0 |
_aGestión de gobierno (1968-1969) _b: discurso... el 14 de diciembre de 1969 / _cpor José María Martínez Val. |
| 260 |
_aLérida : _bDiputación Provincial, _c1969. |
||
| 300 |
_a16 p., 4 map. ; _c24 cm. |
||
| 710 | 1 |
_aLérida (Provincia). _bDiputación Provincial _95498 |
|
| 852 |
_aES-MaACL _j2070-F-21 _bR.72284 |
||
| 999 |
_c100129 _d100129 |
||